Terminalidad de primaria para adultos a distancia

Gardado en:
Detalles Bibliográficos
Autor Corporativo: Ministerio de Cultura y Educación de la Nación (Author)
Formato: Libro
Idioma:Lingua castelá
Publicado: Buenos Aires Ministerio de Cultura y Educación 1997
Subjects:
Tags: Engadir etiqueta
Sen Etiquetas, Sexa o primeiro en etiquetar este rexistro!

MARC

LEADER 00000nam a2200000 a 4500
001 UCP9513
003 CL-VaPUC
008 000331e19970000AG |||||||||||||||||spa|d
082 0 4 |a 374  |b MIN  |2 21 
110 2 |a Ministerio de Cultura y Educación de la Nación  |e author  |9 440131 
245 1 0 |a Terminalidad de primaria para adultos a distancia 
300 |a 192 p 
942 |c BK 
945 |d 20000331 00:00:00  |a rbrito 
260 |a Buenos Aires  |b Ministerio de Cultura y Educación  |c 1997 
650 0 |a Educación de adultos  |9 307580 
650 0 |a Educación básica   |9 224933 
650 0 |a Trabajadores  |9 260887 
583 |a last modification  |c 20000331 00:00:00  |k Rodrigo Vera 
999 |c 286325  |d 286323 
952 |0 0  |1 0  |4 0  |6 374_000000000000000_MIN_1997  |7 0  |8 P  |9 332079  |a BIBEDU  |b BIBEDU  |c BIBEDU_PB  |d 2019-11-20  |i 3600181  |o 374 MIN 1997  |p 3600181  |r 2024-01-25  |w 2019-11-20  |y BK  |k BME